[Event "Sparkassen-Open A"]
[Site "Heusenstamm, Martinsee"]
[Date "2021.11.18"]
[Round "1.1"]
[White "Sumets, Andrey"]
[Black "Pauls, Wilhelm"]
[Result "1-0"]
[WhiteElo "2527"]
[BlackElo "1993"]
[PlyCount "65"]
[EventDate "2021.??.??"]
[WhiteTeam "SV Hofheim"]
[BlackTeam "SG Kaarst"]

{[%evp 0,32,18,28,28,25,13,-16,85,59,55,52,53,56,42,15,9,7,31,-6,7,-1,-16,2,-6,
-4,-2,-13,8,9,70,78,91,107,105]} 1. e4 {[%emt 0:00:20]} e5 {[%emt 0:00:14]} 2.
Nc3 Nf6 3. d4 d6 {[%emt 0:01:53]} 4. Nf3 {[%emt 0:00:43]} exd4 {[%emt 0:00:35]}
5. Nxd4 {[%emt 0:00:42]} Nc6 {[%emt 0:00:03]} 6. Nxc6 {[%emt 0:05:33]} bxc6 {
[%emt 0:01:53]} 7. g3 {[%emt 0:00:11]} Be7 {[%emt 0:00:47]} 8. Bg2 Bg4 {
[%emt 0:09:41]} 9. Qd2 {[%emt 0:00:57]} O-O {[%emt 0:04:00]} 10. h3 {[%emt 0:
00:39]} Be6 {[%emt 0:02:38]} 11. O-O {[%emt 0:00:08]} Rb8 {[%emt 0:02:44]} 12.
b3 {[%emt 0:00:26]} d5 {[%emt 0:12:27]} 13. e5 {[%emt 0:00:47]} Nd7 14. f4 {
[%emt 0:00:21]} f5 {[%emt 0:00:07]} 15. Qf2 Bb4 {[%emt 0:10:10]} 16. Ne2 {
[%emt 0:01:10]} c5 {[%emt 0:02:19]} 17. c3 {[%emt 0:03:02]} Ba5 18. Be3 {
[%emt 0:00:41]} Qe7 {[%emt 0:00:07]} 19. Rfd1 {[%emt 0:01:52]} c6 {[%emt 0:00:
29]} 20. Rac1 {[%emt 0:01:32]} Rbc8 {[%emt 0:03:21]} 21. Kh2 {[%emt 0:02:11]}
Kh8 {[%emt 0:00:46]} 22. Ng1 {[%emt 0:00:18]} Bb6 {[%emt 0:14:07]} 23. Nf3 {
[%emt 0:03:17]} c4 {[%emt 0:00:05]} 24. bxc4 {[%emt 0:01:01]} dxc4 {[%emt 0:00:
09]} 25. Rd6 {[%emt 0:04:02]} Bd5 {[%emt 0:03:37]} 26. Nd4 {[%emt 0:15:12]}
Bxg2 {[%emt 0:01:14]} 27. Qxg2 {[%emt 0:00:25]} c5 {[%emt 0:06:08]} 28. Ne6 {
[%emt 0:03:08]} Rf6 {[%emt 0:08:06]} 29. Qd5 {[%emt 0:02:09]} Rxe6 {[%emt 0:00:
10]} 30. Qxe6 Qxe6 {[%emt 0:01:32]} 31. Rxe6 Nf8 {[%emt 0:00:02]} 32. Rd6 {
[%emt 0:00:24]} Kg8 {[%emt 0:00:35]} 33. g4 {[%emt 0:00:12]} 1-0

[Event "Sparkassen-Open A"]
[Site "Heusenstamm, Martinsee"]
[Date "2021.11.18"]
[Round "1.2"]
[White "Eull, Emil"]
[Black "Poetsch, Hagen"]
[Result "1/2-1/2"]
[WhiteElo "1799"]
[BlackElo "2513"]
[PlyCount "84"]
[EventDate "2021.??.??"]
[WhiteTeam "SF Neuberg"]
[BlackTeam "SC Heusenstamm"]

{[%evp 0,25,18,-31,18,-21,-15,-8,11,4,28,-8,16,1,21,21,15,18,20,6,8,3,38,12,50,
34,27,27]} 1. c4 b6 {[%emt 0:00:14]} 2. b3 {[%emt 0:00:53]} Bb7 {[%emt 0:00:55]
} 3. Bb2 {[%emt 0:00:14]} Nf6 {[%emt 0:00:44]} 4. Nf3 {[%emt 0:00:34]} g6 {
[%emt 0:01:28]} 5. g3 {[%emt 0:00:33]} Bg7 {[%emt 0:00:15]} 6. Bg2 {[%emt 0:00:
28]} d6 {[%emt 0:00:29]} 7. d4 {[%emt 0:02:13]} O-O {[%emt 0:00:59]} 8. O-O {
[%emt 0:00:03]} Nbd7 {[%emt 0:02:14]} 9. Nbd2 {[%emt 0:08:37]} Re8 {[%emt 0:02:
02]} 10. d5 {[%emt 0:05:52]} c6 {[%emt 0:03:48]} 11. e4 {[%emt 0:07:11]} cxd5 {
[%emt 0:13:41]} 12. exd5 {[%emt 0:00:24]} e5 13. dxe6 {[%emt 0:04:05]} fxe6 {
[%emt 0:00:31]} 14. Qe2 {[%emt 0:05:44]} Nc5 {[%emt 0:08:07]} 15. Ng5 {[%emt 0:
16:44]} Bxg2 {[%emt 0:00:42]} 16. Kxg2 {[%emt 0:02:14]} Nh5 {[%emt 0:04:43]}
17. Nde4 {[%emt 0:04:46]} d5 {[%emt 0:30:09]} 18. Rad1 {[%emt 0:18:40]} Qe7 {
[%emt 0:02:02]} 19. Nxc5 {[%emt 0:02:16]} Qxg5 {[%emt 0:02:08]} 20. Nd3 {
[%emt 0:00:18]} dxc4 {[%emt 0:02:08]} 21. bxc4 {[%emt 0:00:53]} e5 {[%emt 0:05:
33]} 22. h4 {[%emt 0:01:44]} Qf5 {[%emt 0:00:19]} 23. Bc1 {[%emt 0:03:43]} Nf6
{[%emt 0:03:13]} 24. Rfe1 {[%emt 0:00:39]} e4 {[%emt 0:02:30]} 25. Nf4 {
[%emt 0:00:15]} Rac8 {[%emt 0:00:50]} 26. Nd5 {[%emt 0:02:14]} Nxd5 {[%emt 0:
03:39]} 27. cxd5 {[%emt 0:00:54]} Bc3 {[%emt 0:01:22]} 28. Rf1 {[%emt 0:02:14]}
Red8 {[%emt 0:00:44]} 29. d6 {[%emt 0:02:33]} Be5 {[%emt 0:02:19]} 30. Ba3 {
[%emt 0:04:16]} Rc3 {[%emt 0:02:03]} 31. Bb2 {[%emt 0:00:05]} Rc5 {[%emt 0:03:
20]} 32. Bxe5 {[%emt 0:00:14]} Qxe5 {[%emt 0:00:06]} 33. Rfe1 {[%emt 0:01:40]}
Rxd6 {[%emt 0:00:32]} 34. Rxd6 {[%emt 0:00:08]} Qxd6 {[%emt 0:00:11]} 35. Qxe4
{[%emt 0:00:42]} Qd5 {[%emt 0:00:06]} 36. Qxd5+ {[%emt 0:00:17]} Rxd5 {[%emt 0:
00:16]} 37. Re2 {[%emt 0:00:36]} Kf7 {[%emt 0:00:25]} 38. Kf3 {[%emt 0:01:07]}
Kf6 {[%emt 0:01:09]} 39. g4 {[%emt 0:00:47]} Rd3+ {[%emt 0:00:25]} 40. Kf4 {
[%emt 0:00:41]} h5 {[%emt 0:02:11]} 41. g5+ {[%emt 0:01:46]} Kf7 {[%emt 0:03:
12]} 42. Rc2 {[%emt 0:04:00]} Ke6 {[%emt 0:09:02]} 1/2-1/2

[Event "Sparkassen-Open A"]
[Site "Heusenstamm, Martinsee"]
[Date "2021.11.18"]
[Round "1.3"]
[White "Krassowizkij, Jaroslaw"]
[Black "Burkhardt, Holger"]
[Result "1-0"]
[WhiteElo "2458"]
[BlackElo "1987"]
[PlyCount "97"]
[EventDate "2021.??.??"]
[WhiteTeam "TSV Schönaich"]
[BlackTeam "SK Gießen"]

{[%evp 0,18,18,28,59,55,76,65,85,30,23,8,15,4,24,8,22,13,73,4,59]} 1. e4 {
[%emt 0:00:08]} d6 {[%emt 0:00:05]} 2. d4 {[%emt 0:00:08]} Nf6 {[%emt 0:00:03]}
3. Nc3 {[%emt 0:00:11]} e5 4. Nge2 {[%emt 0:00:20]} Be7 {[%emt 0:01:10]} 5. h3
{[%emt 0:00:20]} O-O {[%emt 0:00:49]} 6. g4 {[%emt 0:00:05]} c6 {[%emt 0:00:36]
} 7. Be3 {[%emt 0:02:54]} b5 {[%emt 0:05:34]} 8. a3 {[%emt 0:01:17]} Nfd7 {
[%emt 0:07:55]} 9. Ng3 {[%emt 0:06:10]} Nb6 {[%emt 0:03:54]} 10. Nf5 {[%emt 0:
15:49]} Bxf5 11. gxf5 exd4 {[%emt 0:00:04]} 12. Bxd4 {[%emt 0:03:08]} c5 {
[%emt 0:05:02]} 13. Be3 {[%emt 0:00:05]} b4 {[%emt 0:01:01]} 14. axb4 {[%emt 0:
00:08]} cxb4 {[%emt 0:00:24]} 15. Nd5 {[%emt 0:00:38]} Nxd5 {[%emt 0:03:55]}
16. Qxd5 {[%emt 0:00:04]} Nd7 {[%emt 0:00:03]} 17. Ra6 {[%emt 0:14:44]} Bg5 {
[%emt 0:09:27]} 18. Bxg5 {[%emt 0:14:40]} Qxg5 {[%emt 0:00:15]} 19. Rxd6 {
[%emt 0:04:46]} Nf6 {[%emt 0:01:50]} 20. Qd2 {[%emt 0:00:15]} Qxd2+ {[%emt 0:
01:24]} 21. Rxd2 {[%emt 0:00:21]} Nxe4 {[%emt 0:00:10]} 22. Re2 {[%emt 0:03:38]
} Nf6 {[%emt 0:08:44]} 23. Re3 {[%emt 0:00:58]} Rfe8 {[%emt 0:11:09]} 24. Bd3 {
[%emt 0:00:03]} a5 {[%emt 0:06:43]} 25. Kd2 {[%emt 0:00:40]} Rxe3 {[%emt 0:00:
24]} 26. fxe3 {[%emt 0:00:16]} Nd7 {[%emt 0:00:31]} 27. Rf1 {[%emt 0:07:49]}
Ne5 {[%emt 0:03:02]} 28. f6 g6 {[%emt 0:00:08]} 29. Rf4 {[%emt 0:00:23]} Re8 {
[%emt 0:08:04]} 30. Bb5 {[%emt 0:06:24]} Re6 {[%emt 0:00:51]} 31. c4 {[%emt 0:
01:14]} g5 {[%emt 0:03:48]} 32. Rf5 {[%emt 0:00:21]} h6 {[%emt 0:00:19]} 33. c5
{[%emt 0:06:30]} Kh7 {[%emt 0:01:59]} 34. e4 {[%emt 0:02:18]} Kg6 {[%emt 0:00:
48]} 35. Ke3 {[%emt 0:01:31]} h5 {[%emt 0:01:39]} 36. Kd4 {[%emt 0:01:18]} Nc6+
{[%emt 0:00:26]} 37. Bxc6 {[%emt 0:06:13]} Rxc6 {[%emt 0:00:07]} 38. Kd5 Ra6 {
[%emt 0:01:12]} 39. c6 {[%emt 0:00:17]} a4 {[%emt 0:00:04]} 40. c7 {[%emt 0:00:
14]} Ra8 {[%emt 0:00:09]} 41. Kc6 {[%emt 0:00:45]} a3 {[%emt 0:00:44]} 42. bxa3
{[%emt 0:00:17]} bxa3 {[%emt 0:01:09]} 43. Kb7 {[%emt 0:01:10]} a2 {[%emt 0:01:
22]} 44. Rf1 {[%emt 0:00:18]} a1=Q {[%emt 0:00:16]} 45. Rxa1 Rxa1 46. c8=Q {
[%emt 0:00:06]} Rb1+ {[%emt 0:02:11]} 47. Ka6 {[%emt 0:00:09]} Rf1 {[%emt 0:00:
11]} 48. e5 {[%emt 0:00:29]} Re1 {[%emt 0:01:07]} 49. Qc2+ {[%emt 0:00:34]} 1-0

[Event "Sparkassen-Open A"]
[Site "Heusenstamm, Martinsee"]
[Date "2021.11.18"]
[Round "1.4"]
[White "Diez, Gerhard"]
[Black "Milov, Leonid"]
[Result "0-1"]
[WhiteElo "1986"]
[BlackElo "2450"]
[PlyCount "92"]
[EventDate "2021.??.??"]
[WhiteTeam "SC Bad Nauheim"]
[BlackTeam "SC Noris-Tarrasch Nürnberg"]

{[%evp 0,11,18,27,51,46,43,40,34,34,34,40,83,63]} 1. e4 c5 {[%emt 0:00:03]} 2.
Nf3 {[%emt 0:00:05]} e6 {[%emt 0:00:14]} 3. d4 {[%emt 0:00:06]} cxd4 4. Nxd4 {
[%emt 0:00:04]} Nc6 {[%emt 0:00:08]} 5. Nc3 {[%emt 0:00:21]} Qc7 {[%emt 0:00:
12]} 6. f4 {[%emt 0:01:54]} a6 {[%emt 0:00:31]} 7. Nxc6 {[%emt 0:01:45]} Qxc6 {
[%emt 0:00:15]} 8. Bd3 {[%emt 0:00:33]} b5 {[%emt 0:00:21]} 9. Qe2 {[%emt 0:05:
40]} Bb7 {[%emt 0:00:19]} 10. Bd2 {[%emt 0:02:29]} Rc8 {[%emt 0:00:14]} 11. a4
{[%emt 0:03:02]} b4 {[%emt 0:00:29]} 12. Nd5 {[%emt 0:02:10]} Nf6 {[%emt 0:07:
50]} 13. c4 {[%emt 0:07:51]} a5 {[%emt 0:14:35]} 14. b3 Bc5 {[%emt 0:01:21]}
15. O-O-O {[%emt 0:14:12]} Bd4 {[%emt 0:01:27]} 16. Nxf6+ {[%emt 0:04:33]} gxf6
{[%emt 0:00:53]} 17. Be3 {[%emt 0:02:11]} Qc5 {[%emt 0:11:09]} 18. Rhe1 {
[%emt 0:01:34]} Bxe3+ {[%emt 0:06:06]} 19. Qxe3 {[%emt 0:00:07]} h5 {[%emt 0:
02:52]} 20. Bf1 {[%emt 0:05:30]} Qxe3+ {[%emt 0:03:40]} 21. Rxe3 {[%emt 0:00:
12]} Rc5 {[%emt 0:01:45]} 22. h4 {[%emt 0:07:40]} Ke7 {[%emt 0:06:22]} 23. g3 {
[%emt 0:01:41]} d6 {[%emt 0:05:54]} 24. Rd2 {[%emt 0:02:05]} f5 {[%emt 0:02:20]
} 25. exf5 {[%emt 0:03:35]} Rxf5 {[%emt 0:00:34]} 26. Kd1 {[%emt 0:01:40]} Rc5
{[%emt 0:00:50]} 27. Red3 {[%emt 0:00:49]} Rd8 {[%emt 0:04:57]} 28. Be2 {
[%emt 0:01:13]} Be4 {[%emt 0:02:43]} 29. Re3 {[%emt 0:00:34]} Bc6 {[%emt 0:00:
29]} 30. Ke1 {[%emt 0:02:06]} Rh8 {[%emt 0:05:23]} 31. Kf2 {[%emt 0:00:26]} Rh6
{[%emt 0:00:56]} 32. Bf3 {[%emt 0:01:40]} Bxf3 {[%emt 0:00:40]} 33. Kxf3 {
[%emt 0:00:09]} Rh8 {[%emt 0:00:25]} 34. Rd4 {[%emt 0:01:09]} Rd8 {[%emt 0:02:
47]} 35. Rd5 {[%emt 0:01:17]} Rxd5 {[%emt 0:01:17]} 36. cxd5 {[%emt 0:00:35]}
Kf6 {[%emt 0:04:24]} 37. Rd3 {[%emt 0:01:57]} e5 {[%emt 0:02:06]} 38. g4 {
[%emt 0:01:02]} hxg4+ {[%emt 0:02:12]} 39. Kxg4 {[%emt 0:00:08]} e4 {[%emt 0:
00:40]} 40. Rd1 {[%emt 0:01:31]} Rg8+ {[%emt 0:00:12]} 41. Kh3 {[%emt 0:00:15]}
Kf5 {[%emt 0:00:43]} 42. h5 {[%emt 0:00:51]} Kxf4 {[%emt 0:06:05]} 43. Rf1+ {
[%emt 0:02:04]} Ke3 {[%emt 0:01:06]} 44. Rxf7 {[%emt 0:00:47]} Kd2 {[%emt 0:02:
03]} 45. h6 {[%emt 0:00:23]} e3 {[%emt 0:00:20]} 46. Rg7 {[%emt 0:01:56]} Rh8 {
[%emt 0:01:10]} 0-1

[Event "Sparkassen-Open A"]
[Site "Heusenstamm, Martinsee"]
[Date "2021.11.18"]
[Round "1.5"]
[White "Krastev, Alexander"]
[Black "Tremöhlen, Thomas"]
[Result "1/2-1/2"]
[WhiteElo "2418"]
[BlackElo "1982"]
[PlyCount "85"]
[EventDate "2021.??.??"]
[WhiteTeam "SG Solingen"]
[BlackTeam "SG Kaarst"]

{[%evp 0,11,18,27,46,44,59,31,70,31,47,21,33,27]} 1. e4 {[%emt 0:00:32]} c5 2.
Nf3 {[%emt 0:00:07]} Nc6 3. Bb5 {[%emt 0:00:03]} g6 4. Bxc6 {[%emt 0:00:06]}
dxc6 {[%emt 0:00:07]} 5. h3 {[%emt 0:00:34]} Bg7 {[%emt 0:00:10]} 6. d3 {
[%emt 0:00:13]} Qc7 {[%emt 0:00:41]} 7. O-O {[%emt 0:03:52]} Nf6 {[%emt 0:05:
22]} 8. Nc3 {[%emt 0:00:56]} O-O {[%emt 0:00:57]} 9. Be3 {[%emt 0:01:26]} Nd7 {
[%emt 0:02:41]} 10. Nd2 {[%emt 0:13:41]} e5 {[%emt 0:20:27]} 11. a4 {[%emt 0:
01:31]} b6 12. Nc4 {[%emt 0:11:27]} Ba6 {[%emt 0:03:18]} 13. Nd2 {[%emt 0:21:
37]} Rfd8 {[%emt 0:09:10]} 14. a5 {[%emt 0:10:12]} Nf8 {[%emt 0:04:01]} 15. Qg4
{[%emt 0:09:26]} Ne6 {[%emt 0:01:51]} 16. axb6 {[%emt 0:02:20]} axb6 {[%emt 0:
01:36]} 17. Ra3 {[%emt 0:00:12]} Nd4 {[%emt 0:04:26]} 18. Bxd4 cxd4 {[%emt 0:
00:05]} 19. Ne2 Bf8 {[%emt 0:03:16]} 20. Raa1 {[%emt 0:00:19]} Bc8 {[%emt 0:11:
32]} 21. Qg3 {[%emt 0:00:09]} Rxa1 {[%emt 0:01:15]} 22. Rxa1 c5 {[%emt 0:03:57]
} 23. f4 {[%emt 0:06:10]} exf4 {[%emt 0:06:03]} 24. Nxf4 {[%emt 0:00:15]} Bd6 {
[%emt 0:00:44]} 25. Rf1 {[%emt 0:00:12]} Bxf4 {[%emt 0:03:52]} 26. Rxf4 {
[%emt 0:00:12]} Be6 27. Qg5 {[%emt 0:03:35]} Ra8 {[%emt 0:04:06]} 28. e5 {
[%emt 0:01:24]} Bd5 {[%emt 0:01:51]} 29. c4 {[%emt 0:11:04]} dxc3 {[%emt 0:00:
16]} 30. bxc3 Re8 {[%emt 0:02:18]} 31. Ne4 {[%emt 0:01:59]} Bxe4 {[%emt 0:00:
19]} 32. Rxe4 {[%emt 0:00:11]} b5 {[%emt 0:01:57]} 33. Qe3 {[%emt 0:01:15]} b4
{[%emt 0:01:01]} 34. cxb4 {[%emt 0:01:51]} cxb4 35. Rxb4 {[%emt 0:00:54]} Rxe5
{[%emt 0:02:32]} 36. Re4 {[%emt 0:00:11]} f6 {[%emt 0:00:42]} 37. d4 {[%emt 0:
00:40]} Rxe4 {[%emt 0:00:25]} 38. Qxe4 Kf7 {[%emt 0:01:28]} 39. Kf2 {[%emt 0:
00:48]} Qd7 {[%emt 0:00:40]} 40. Kf3 {[%emt 0:00:51]} Qe6 {[%emt 0:01:09]} 41.
Qb7+ {[%emt 0:16:58]} Qe7 {[%emt 0:00:44]} 42. Qa8 {[%emt 0:03:28]} f5 {
[%emt 0:08:58]} 43. Qd5+ {[%emt 0:07:04]} 1/2-1/2

[Event "Sparkassen-Open A"]
[Site "Heusenstamm, Martinsee"]
[Date "2021.11.18"]
[Round "1.6"]
[White "Ungurean, Florin-Ioan"]
[Black "Suvorov, Alexander"]
[Result "0-1"]
[WhiteElo "1970"]
[BlackElo "2391"]
[PlyCount "132"]
[EventDate "2021.??.??"]
[WhiteTeam "Wiesbadener SV"]
[BlackTeam "SG Porz"]

{[%evp 0,11,18,13,31,31,27,18,57,22,75,27,46,24]} 1. d4 Nf6 {[%emt 0:00:03]} 2.
Nf3 {[%emt 0:00:04]} d5 {[%emt 0:00:59]} 3. Bf4 {[%emt 0:00:11]} c5 {[%emt 0:
00:15]} 4. e3 {[%emt 0:00:09]} Nc6 {[%emt 0:00:14]} 5. c3 {[%emt 0:00:13]} Qb6
{[%emt 0:00:27]} 6. Qc2 {[%emt 0:00:36]} g6 {[%emt 0:04:52]} 7. Nbd2 {[%emt 0:
00:24]} Bf5 {[%emt 0:02:29]} 8. dxc5 {[%emt 0:00:09]} Qxc5 {[%emt 0:08:19]} 9.
Qb3 {[%emt 0:00:06]} Na5 {[%emt 0:15:42]} 10. Qb5+ {[%emt 0:05:45]} Qxb5 {
[%emt 0:05:12]} 11. Bxb5+ {[%emt 0:00:25]} Bd7 {[%emt 0:02:54]} 12. Bd3 {
[%emt 0:03:01]} Bg7 13. O-O {[%emt 0:01:40]} Nh5 {[%emt 0:12:32]} 14. Bc7 {
[%emt 0:04:00]} Nc6 {[%emt 0:03:53]} 15. h3 {[%emt 0:08:41]} e5 {[%emt 0:11:14]
} 16. Bb5 {[%emt 0:07:33]} e4 {[%emt 0:01:45]} 17. Bxc6 {[%emt 0:01:48]} bxc6 {
[%emt 0:00:34]} 18. Nd4 {[%emt 0:00:32]} Bf8 {[%emt 0:06:56]} 19. b4 {[%emt 0:
02:49]} Rc8 {[%emt 0:02:48]} 20. Bh2 {[%emt 0:00:11]} c5 {[%emt 0:01:50]} 21.
bxc5 {[%emt 0:01:01]} Bxc5 {[%emt 0:00:22]} 22. Rab1 {[%emt 0:00:59]} O-O {
[%emt 0:02:43]} 23. Rb7 {[%emt 0:02:21]} Ba4 {[%emt 0:00:16]} 24. N2b3 {
[%emt 0:03:29]} Bb6 {[%emt 0:00:44]} 25. Bd6 {[%emt 0:01:10]} Rfd8 {[%emt 0:00:
56]} 26. Bb4 {[%emt 0:02:02]} Rd7 {[%emt 0:01:06]} 27. Rxd7 {[%emt 0:00:21]}
Bxd7 28. Rd1 {[%emt 0:03:36]} Ba4 {[%emt 0:04:27]} 29. Rd2 {[%emt 0:00:40]} Nf6
{[%emt 0:01:29]} 30. Ne2 {[%emt 0:02:37]} Bb5 {[%emt 0:00:37]} 31. Nf4 {
[%emt 0:00:23]} Bc4 {[%emt 0:00:25]} 32. Be7 {[%emt 0:01:57]} Kg7 {[%emt 0:00:
42]} 33. Bxf6+ {[%emt 0:01:34]} Kxf6 34. Nxd5+ {[%emt 0:00:06]} Bxd5 {[%emt 0:
00:20]} 35. Rxd5 Rxc3 {[%emt 0:00:07]} 36. Rd2 {[%emt 0:03:55]} h5 {[%emt 0:00:
54]} 37. h4 {[%emt 0:01:19]} Ke5 {[%emt 0:01:03]} 38. g3 {[%emt 0:00:37]} a5 {
[%emt 0:01:09]} 39. Kf1 {[%emt 0:09:24]} a4 {[%emt 0:01:00]} 40. Nd4 {[%emt 0:
00:32]} Rc4 {[%emt 0:00:39]} 41. Ne2 {[%emt 0:04:16]} a3 {[%emt 0:06:55]} 42.
Nf4 {[%emt 0:13:51]} Rc1+ {[%emt 0:05:26]} 43. Kg2 {[%emt 0:04:14]} Rb1 {
[%emt 0:00:27]} 44. Rd5+ {[%emt 0:00:47]} Kf6 {[%emt 0:00:11]} 45. Rd6+ {
[%emt 0:00:08]} Kg7 {[%emt 0:00:45]} 46. Nd5 {[%emt 0:03:02]} Bc5 {[%emt 0:01:
53]} 47. Rc6 {[%emt 0:01:49]} Bf8 {[%emt 0:01:15]} 48. Nc3 {[%emt 0:07:24]} Rc1
{[%emt 0:07:01]} 49. Rc4 {[%emt 0:02:43]} Rc2 {[%emt 0:07:25]} 50. Rc7 {
[%emt 0:01:04]} Bd6 {[%emt 0:02:43]} 51. Rd7 {[%emt 0:00:05]} Be5 {[%emt 0:00:
40]} 52. Nxe4 {[%emt 0:02:52]} Rxa2 {[%emt 0:00:24]} 53. Ra7 {[%emt 0:00:06]}
Kf8 {[%emt 0:00:36]} 54. Nc5 {[%emt 0:00:29]} Bd6 {[%emt 0:00:13]} 55. Ne4 {
[%emt 0:00:21]} Bb4 {[%emt 0:00:27]} 56. Ra8+ {[%emt 0:01:48]} Ke7 {[%emt 0:00:
36]} 57. Ra7+ {[%emt 0:00:03]} Ke6 {[%emt 0:00:05]} 58. Ng5+ {[%emt 0:00:19]}
Kd5 {[%emt 0:00:10]} 59. Nf3 {[%emt 0:00:12]} Bc5 {[%emt 0:00:39]} 60. Ra5 {
[%emt 0:00:13]} Kc4 {[%emt 0:00:19]} 61. Ra8 {[%emt 0:00:44]} Bxe3 {[%emt 0:00:
18]} 62. Ne5+ {[%emt 0:00:22]} Kd4 {[%emt 0:00:26]} 63. Nf3+ {[%emt 0:00:37]}
Kc5 {[%emt 0:00:14]} 64. Rc8+ {[%emt 0:00:06]} Kb6 {[%emt 0:00:36]} 65. Rb8+ {
[%emt 0:00:34]} Kc7 {[%emt 0:00:20]} 66. Rb3 {[%emt 0:00:09]} Rxf2+ {[%emt 0:
00:49]} 0-1

[Event "Sparkassen-Open A"]
[Site "Heusenstamm, Martinsee"]
[Date "2021.11.18"]
[Round "1.7"]
[White "Abel, Thomas"]
[Black "Kürschner, Matthias"]
[Result "1-0"]
[WhiteElo "2334"]
[BlackElo "1978"]
[PlyCount "85"]
[EventDate "2021.??.??"]
[WhiteTeam "VL Bad Vilbel"]
[BlackTeam "SK Langen"]

{[%evp 0,10,13,13,53,78,69,28,60,26,31,28,37]} 1. d4 {[%emt 0:00:09]} c5 {
[%emt 0:00:13]} 2. d5 {[%emt 0:00:22]} Nf6 3. Nf3 {[%emt 0:00:33]} e6 {[%emt 0:
04:31]} 4. c4 {[%emt 0:02:02]} b5 {[%emt 0:04:31]} 5. dxe6 {[%emt 0:00:13]}
fxe6 {[%emt 0:00:19]} 6. cxb5 {[%emt 0:00:03]} d5 {[%emt 0:01:30]} 7. Bg5 {
[%emt 0:10:14]} Bd6 {[%emt 0:07:44]} 8. e4 {[%emt 0:06:41]} Qa5+ {[%emt 0:06:
20]} 9. Qd2 {[%emt 0:06:26]} Qxd2+ 10. Nfxd2 {[%emt 0:00:13]} O-O {[%emt 0:07:
11]} 11. Be2 {[%emt 0:08:06]} Bb7 {[%emt 0:03:02]} 12. O-O {[%emt 0:01:41]}
Nbd7 {[%emt 0:02:43]} 13. exd5 {[%emt 0:03:41]} exd5 {[%emt 0:00:28]} 14. Nc3 {
[%emt 0:00:44]} a6 {[%emt 0:13:08]} 15. Rfd1 {[%emt 0:12:12]} axb5 {[%emt 0:05:
01]} 16. Bxb5 {[%emt 0:03:01]} Ne5 {[%emt 0:09:02]} 17. h3 {[%emt 0:01:08]} h6
{[%emt 0:04:08]} 18. Bh4 {[%emt 0:13:45]} Ng6 {[%emt 0:02:08]} 19. Bg3 {
[%emt 0:01:57]} Bxg3 {[%emt 0:03:06]} 20. fxg3 {[%emt 0:00:03]} Nh5 {[%emt 0:
00:55]} 21. Nb3 {[%emt 0:03:15]} Rac8 {[%emt 0:10:20]} 22. Bd7 {[%emt 0:03:20]}
Rc7 {[%emt 0:01:19]} 23. Be6+ Kh8 {[%emt 0:00:08]} 24. Bxd5 {[%emt 0:01:00]}
Nxg3 {[%emt 0:01:05]} 25. Nb5 {[%emt 0:02:58]} Ne2+ {[%emt 0:00:47]} 26. Kh2 {
[%emt 0:00:30]} Re7 {[%emt 0:00:04]} 27. Nxc5 {[%emt 0:04:13]} Bxd5 {[%emt 0:
00:48]} 28. Rxd5 {[%emt 0:00:07]} Rf2 {[%emt 0:00:21]} 29. Rd8+ {[%emt 0:02:43]
} Kh7 {[%emt 0:00:32]} 30. Nd3 Rf6 {[%emt 0:04:49]} 31. Re1 {[%emt 0:01:52]}
Rfe6 {[%emt 0:02:24]} 32. a4 {[%emt 0:04:12]} Rc6 {[%emt 0:01:39]} 33. Rxe2 {
[%emt 0:02:32]} Rxe2 {[%emt 0:00:04]} 34. Nd4 Rcc2 {[%emt 0:00:51]} 35. Nxc2 {
[%emt 0:03:47]} Rxc2 36. Kg3 {[%emt 0:01:54]} Rc4 {[%emt 0:01:05]} 37. b4 {
[%emt 0:01:28]} Rc3 {[%emt 0:00:19]} 38. Kh2 {[%emt 0:00:19]} Nh4 {[%emt 0:00:
13]} 39. a5 {[%emt 0:00:46]} Rc2 {[%emt 0:00:16]} 40. Ne1 {[%emt 0:00:31]} Rb2
{[%emt 0:01:08]} 41. a6 {[%emt 0:01:33]} Re2 {[%emt 0:01:06]} 42. a7 {[%emt 0:
00:49]} Rxe1 {[%emt 0:02:18]} 43. a8=Q {[%emt 0:00:25]} 1-0

[Event "Sparkassen-Open A"]
[Site "Heusenstamm, Martinsee"]
[Date "2021.11.18"]
[Round "1.8"]
[White "Kempe, Caius Emilian"]
[Black "Bethke, Richard"]
[Result "0-1"]
[WhiteElo "1975"]
[BlackElo "2330"]
[PlyCount "92"]
[EventDate "2021.??.??"]
[WhiteTeam "USV TU Dresden"]
[BlackTeam "SF Neuberg"]

{[%evp 0,15,13,13,13,5,-4,-3,6,-24,-19,2,4,10,46,45,45,23]} 1. d4 d5 {[%emt 0:
00:42]} 2. c4 e6 {[%emt 0:00:03]} 3. Nc3 Nf6 4. cxd5 {[%emt 0:00:06]} exd5 {
[%emt 0:00:07]} 5. Bg5 {[%emt 0:00:06]} c6 {[%emt 0:00:11]} 6. e3 {[%emt 0:00:
22]} Be7 {[%emt 0:00:10]} 7. Bd3 {[%emt 0:00:08]} Nbd7 8. Qc2 {[%emt 0:00:31]}
h6 {[%emt 0:00:10]} 9. Bh4 {[%emt 0:00:07]} Nh5 {[%emt 0:00:10]} 10. Bxe7 {
[%emt 0:01:00]} Qxe7 11. Nge2 {[%emt 0:00:23]} Nb6 {[%emt 0:00:11]} 12. O-O {
[%emt 0:01:18]} O-O {[%emt 0:00:48]} 13. Rab1 {[%emt 0:08:05]} a5 {[%emt 0:00:
26]} 14. Rbe1 {[%emt 0:02:06]} Bd7 {[%emt 0:03:47]} 15. Nc1 {[%emt 0:01:40]} a4
{[%emt 0:03:49]} 16. Qd1 {[%emt 0:05:30]} Nf6 {[%emt 0:00:57]} 17. Bc2 {
[%emt 0:07:16]} Ne4 {[%emt 0:10:45]} 18. f3 Nxc3 {[%emt 0:01:23]} 19. bxc3 {
[%emt 0:00:07]} f5 {[%emt 0:06:06]} 20. e4 {[%emt 0:12:21]} fxe4 {[%emt 0:01:
52]} 21. fxe4 {[%emt 0:00:16]} Rxf1+ {[%emt 0:00:15]} 22. Kxf1 {[%emt 0:00:04]}
Nc4 {[%emt 0:09:06]} 23. Kg1 {[%emt 0:01:21]} dxe4 {[%emt 0:06:46]} 24. Rxe4 {
[%emt 0:01:17]} Qg5 25. h4 {[%emt 0:04:27]} Qd5 {[%emt 0:05:00]} 26. Re7 {
[%emt 0:04:15]} Re8 {[%emt 0:12:04]} 27. Rxe8+ {[%emt 0:03:19]} Bxe8 {[%emt 0:
00:43]} 28. Qe2 {[%emt 0:00:10]} Bh5 {[%emt 0:04:52]} 29. g4 {[%emt 0:00:55]}
Bf7 {[%emt 0:00:35]} 30. Qd3 {[%emt 0:04:14]} g6 {[%emt 0:04:04]} 31. Qg3 {
[%emt 0:02:44]} b5 {[%emt 0:03:33]} 32. Nd3 {[%emt 0:01:19]} Qe4 {[%emt 0:06:
15]} 33. Nb4 {[%emt 0:00:55]} Qe2 {[%emt 0:00:47]} 34. Bd3 {[%emt 0:02:46]}
Qd1+ {[%emt 0:01:05]} 35. Kf2 {[%emt 0:01:21]} Qd2+ {[%emt 0:04:17]} 36. Be2
Nb2 {[%emt 0:00:21]} 37. Kf1 {[%emt 0:05:47]} Nd1 {[%emt 0:03:59]} 38. Qb8+ {
[%emt 0:03:02]} Kh7 39. Qc7 {[%emt 0:05:56]} Ne3+ {[%emt 0:00:49]} 40. Kf2
Nxg4+ {[%emt 0:00:18]} 41. Kf1 {[%emt 0:00:24]} Kg8 {[%emt 0:12:25]} 42. Bxg4 {
[%emt 0:04:55]} Bc4+ {[%emt 0:00:53]} 43. Kg1 Qe1+ {[%emt 0:01:12]} 44. Kg2 {
[%emt 0:01:22]} Bf1+ {[%emt 0:00:04]} 45. Kf3 {[%emt 0:06:55]} Qe2+ {[%emt 0:
00:11]} 46. Kg3 {[%emt 0:00:32]} Qg2+ 0-1